Server pre správu procesov a aktivít

Salvato in:
Dettagli Bibliografici
Autore principale: Mažári, Juraj (Autore)
Altri autori: Juhás, Gabriel (Relatore della tesi)
Natura: Manoscritto Libro
Lingua:slovacco
Pubblicazione: 2017
Soggetti:
Accesso online:http://is.stuba.sk/zp/portal_zp.pl?podrobnosti=127405
Tags: Aggiungi Tag
Nessun Tag, puoi essere il primo ad aggiungerne!!

MARC

LEADER 00000ntm a22000003a 4500
001 stuzp62400
003 SK-STU
005 20170627125346.2
007 ta
008 150427s2015----xo-----f-mn---000-0-slo-d
040 |a STU  |b slo 
041 0 |a slo 
044 |a xo 
100 1 |a Mažári, Juraj  |u 035000  |4 aut  |U FEI Fakulta elektrotechniky a informatiky  |T FEI Ústav informatiky a matematiky  |X 53997  |U E050  |Y 816  |7 53997 
242 0 1 |a Process and activity management server  |y eng 
245 1 0 |a Server pre správu procesov a aktivít 
260 |c 2017 
300 |a 55 s.,  |b CD-ROM 
650 4 |a Petriho siete  |2 slo 
650 4 |a klient-server aplikácie  |2 slo 
650 4 |a Spring Framework  |2 slo 
650 4 |a workflow siete  |2 slo 
650 4 |a Petri net  |2 eng 
650 4 |a client-server application  |2 eng 
650 4 |a workflow net  |2 eng 
650 4 |a Spring Framework  |2 eng 
700 1 |a Juhás, Gabriel  |u 035000  |k Z1  |4 ths  |U FEI Fakulta elektrotechniky a informatiky  |T FEI Ústav informatiky a matematiky  |X 4971  |U E050  |Y 816  |7 A000004971 
856 4 |u http://is.stuba.sk/zp/portal_zp.pl?podrobnosti=127405 
996 |b 284EP11649  |c E*DIPL- 11649  |l EE35  |s P  |a 0  |w stuzp62400_0001